| 000 | 00521nam a22001697a 4500 | ||
|---|---|---|---|
| 999 |
_c170921 _d170921 |
||
| 005 | 20191230162201.0 | ||
| 010 | _aA-466120 | ||
| 035 | _aA-466120 | ||
| 037 | _bBPPD/Pub. | ||
| 082 | _a841.08 | ||
| 100 | _aاطہر نبی | ||
| 245 |
_aفیض احمد فیض : _bشخص اور شاعر / _cاطہر نبی |
||
| 246 |
_aFaiz Ahmed Faiz: Shakhs aur Shayr (Urdu) / _bby Atthar Nabi |
||
| 260 |
_aLucknow _bFaiz Ahmed Faiz _c1988 ء |
||
| 300 |
_a264p. _c21cm(Hb) |
||
| 942 |
_2ddc _cUR _h841.08 _mف ے ض |
||